Sarada and takari alphabets : (Record no. 37708)

MARC details
000 -LEADER
fixed length control field 00816nam a22002057a 4500
005 - DATE AND TIME OF LATEST TRANSACTION
control field 20100726124446.0
010 ## - LCCN (DPL NO)
LC control number ENG-96749
020 ## - INTERNATIONAL STANDARD BOOK NUMBER
International Standard Book Number 8124604126
Terms of availability 900.00
020 ## - INTERNATIONAL STANDARD BOOK NUMBER
International Standard Book Number 9788124604120
Terms of availability 900.00
035 ## - SYSTEM CONTROL NUMBER
System control number EN-80282
037 ## - SOURCE OF ACQUISITION
Source of stock number/acquisition DBAD/PUB
100 ## - MAIN ENTRY--PERSONAL NAME
Personal name Kaul Deambi, Bhushan KumR
245 ## - TITLE STATEMENT
Title Sarada and takari alphabets :
Remainder of title origin and development
Statement of responsibility, etc by Bhushan Kumar Kaul Deambi
260 ## - PUBLICATION, DISTRIBUTION, ETC. (IMPRINT)
Place of publication, distribution, etc New Delhi
Name of publisher, distributor, etc Indira Gandhi National Centre for Arts
Date of publication, distribution, etc 2008
270 ## - ADDRESS
Address Central Vista, Janpath
City New Delhi
Postal code 110001
300 ## - PHYSICAL DESCRIPTION
Extent xxii, 175p
Dimensions 28cm (Hb)
500 ## - GENERAL NOTE
General note Includes bibliographical refrences and index
942 ## - ADDED ENTRY ELEMENTS (KOHA)
Source of classification or shelving scheme Dewey Decimal Classification
Item type English Books
Classification part 491.211
Call number suffix KAU
Holdings
Withdrawn status Lost status Not for loan Collection code Home library Current library Date acquired Source of acquisition Cost, normal purchase price Full call number Barcode Copy number Cost, replacement price Koha item type
    Not For Loan Non-fiction D.B.Act.Division D.B.Act.Division 26/07/2010 DBAD/PUB 900.00 491.211 KAU EN-80282 1 900.00 English Books

© Delhi Public Library
Hit Counter
free hit counter